Normal view
MARC view
Entry Personal Name
001 - CONTROL NUMBER
- control field: 4879
003 - CONTROL NUMBER IDENTIFIER
- control field: BD-RjUL
005 - DATE AND TIME OF LATEST TRANSACTION
- control field: 20220918180151.0
008 - FIXED-LENGTH DATA ELEMENTS
- fixed length control field: 220918|| aca||aabn | a|a d
040 ## - CATALOGING SOURCE
- Original cataloging agency: BD-RjUL
- Transcribing agency: BD-RjUL
100 ## - HEADING--PERSONAL NAME
- Personal name: Rahman, Md. Bazlar
670 ## - SOURCE DATA FOUND
- Source citation: Work cat.: (BD-RjUL)80386: Rahman, Md. Bazlar, A Study on distributive nearlattices /, 1994